[Event "Zuerich Seniors op 05th"]
[Site "Zuerich"]
[Date "2007.01.26"]
[Round "5"]
[White "Jost, Arnold"]
[Black "Sigrist, Paul"]
[Result "1-0"]
[WhiteElo "1400"]
[BlackElo "1503"]
[PlyCount "63"]
[EventDate "2007.01.22"]
[EventType "swiss"]
[EventRounds "9"]
[EventCountry "SUI"]
[SourceTitle "EXT 2022"]
[Source "ChessBase"]
[SourceDate "2021.10.06"]
[SourceVersion "1"]
[SourceVersionDate "2021.10.06"]
[SourceQuality "1"]

1. d4 d5 2. Nf3 Bf5 3. c4 e6 4. Nc3 Bb4 5. Qb3 Bxc3+ 6. Qxc3 h6 7. Bf4 Nf6 8. e3 Ne4 9. Qb3 b6 10. Rc1 c5 11. Bd3 0-0 12. Qd1 Nc6 13. 0-0 Bg4 14. Be2 Qe7 15. Ne5 Bxe2 16. Qxe2 Nb4 17. a3 Na6 18. Rfd1 Nc7 19. Qg4 g5 20. Bg3 Nf6 21. Qe2 h5 22. h3 Kg7 23. Bh2 Rh8 24. cxd5 Ncxd5 25. dxc5 bxc5 26. Rc4 Rac8 27. Rdc1 Nb6 28. R4c2 Qb7 29. Qf3 Ne4 30. Nd3 c4 31. Ne5 Qd5 32. Qxf7+ 1-0

[Event "Zuerich Seniors op 05th"]
[Site "Zuerich"]
[Date "2007.01.22"]
[Round "1"]
[White "Kolb, Hermann"]
[Black "Jost, Arnold"]
[Result "1-0"]
[WhiteElo "1733"]
[BlackElo "1400"]
[PlyCount "59"]
[EventDate "2007.01.22"]
[EventType "swiss"]
[EventRounds "9"]
[EventCountry "SUI"]
[SourceTitle "EXT 2022"]
[Source "ChessBase"]
[SourceDate "2021.10.06"]
[SourceVersion "1"]
[SourceVersionDate "2021.10.06"]
[SourceQuality "1"]

1. Nf3 d5 2. d4 Nf6 3. Bg5 Nbd7 4. c4 c6 5. e3 h6 6. Bh4 e6 7. Nc3 Bb4 8. a3 Bxc3+ 9. bxc3 Qa5 10. Qb3 Ne4 11. Rc1 Ndf6 12. Bd3 0-0 13. 0-0 Bd7 14. Rfd1 Qc7 15. Ne5 Rfe8 16. f3 Ng5 17. Rb1 b6 18. Qc2 c5 19. Bg3 Qc8 20. Nxd7 Qxd7 21. Be5 Ngh7 22. g4 Qe7 23. Kf2 Kh8 24. Rg1 Kg8 25. h4 Ne4+ 26. fxe4 Qxh4+ 27. Bg3 Qf6+ 28. Kg2 dxc4 29. Bxc4 Ng5 30. Rbf1 1-0